| 000 | 00000nam##2200000za#4500 |
| 001 | 9.699740 |
| 003 | CaOODSP |
| 005 | 20210625000522 |
| 007 | cr ||||||||||| |
| 008 | 150407|1976||||xxc|||||o f|0| 0 eng|d |
| 040 | |aCaOODSP|beng |
| 043 | |an-cn--- |
| 086 | 1 |aA43-1075/1976E-PDF |
| 110 | 1 |aCanada.|bAgriculture Canada.|bResearch Branch. |
| 245 | 10|aRoot maggots in rutabagas, cabbages and related plants in the Atlantic provinces / |h[electronic resource]|c[by] Dean C. Read. |
| 260 | |aOttawa - Ontario : |bAgriculture Canada. |c1960 (1972 rev., 1976 printing). |
| 300 | |a12p.|bphotographs |
| 500 | |a"Digitized by the Internet Archive in 2012 with funding from Agriculture and Agri-Food Canada - Agriculture et Agroalimentaire Canada"--p. 10 of 12. |
| 590 | |a15-01-Supp|b2015-01-26 |
| 690 | 07|aInsects|2gcpds |
| 690 | 07|aPests|2gcpds |
| 690 | 07|aVegetables|2gcpds |
| 856 | 40|ahttp://publications.gc.ca|qPDF|s775 KB|uhttps://publications.gc.ca/collections/collection_2014/aac-aafc/agrhist/A43-1075-1976-eng.pdf |
| 986 | |a1075 |